000 00389nam a2200121Ia 4500
008 171212s9999 xx 000 0 und d
020 _a9781909254954
100 _aPaulin, Roger
245 _cPaulin, Roger
_aThe Life of August Wilhelm Schlegel, Cosmopolitan of Art and Poetry
260 _bOpen Book Publishers
_c2016
650 _aHistory
856 _uhttp://jstor.org/stable/j.ctt19qggtt
999 _c351598
_d351598